000 00715nam a2200289 a 4500
003 AR-BaBNM
005 20251128210028.0
008 082120s2002 ||||||||||||||000 | spa||
020 _a0-582-01888-9
040 _cAR-BaBNM
100 1 _aFoll, David
245 0 0 _aContrasts
_bdeveloping text awareness
250 _a1ª ed.
260 _aHarlow
_bLongman
_c1990
300 _a112 p.
_bil.
650 4 _aINGLES
650 4 _aLENGUAS GERMANICAS
650 4 _aENSEÑANZA DE IDIOMAS
650 4 _aACTIVIDADES DE APRENDIZAJE
650 4 _aGRAMATICA
650 4 _aENSEÑANZA DEL VOCABULARIO
650 4 _aVOCABULARIO
650 4 _aSINTAXIS
650 4 _aCOMPRENSION
942 _cBK
998 _cMARTIN
999 _c13780
_d13780